| 000 | 00999nam a22002657a 4500 | ||
|---|---|---|---|
| 001 | 8509 | ||
| 003 | FISKH | ||
| 005 | 20250916155603.0 | ||
| 008 | 250916b cb ||||| |||| 00| 0 eng d | ||
| 020 | _a9788183881081 | ||
| 040 |
_aFISKH _beng _cFISKH _dFISKH |
||
| 082 | _a791.430233092 | ||
| 100 | _aAnonymous | ||
| 245 | _aWalt disney : A Biography / | ||
| 260 |
_aBanglore : _bCVG Books, _c2010. |
||
| 300 |
_a32 pages : _bcolor illustrations ; _c18 cm |
||
| 505 | _aK | ||
| 520 | _aA biography of Walt Disney, the visionary animator, filmmaker, and entrepreneur who created Mickey Mouse and built the Disney empire. Written for young readers, the book highlights his early life, career struggles, creative successes, and lasting influence on animation and entertainment. | ||
| 521 | 8 |
_a510
_bLexile estimate |
|
| 521 | 8 |
_aK
_bRaz-Plus |
|
| 650 |
_aCreativity _vJuvenile Nonfiction _xWalt Disney |
||
| 650 |
_aBiography _vAnimation _xFilm |
||
| 942 |
_2ddc _cBK _n0 |
||
| 999 |
_c8509 _d8509 |
||